Haiwan kecil dan besar
| Format: | Book |
|---|---|
| Published: |
Kuala Lumpur :
Dewan Bahasa Dan Pustaka ,
1986
|
| Series: | Ensiklopedia tanya jawab
|
| Subjects: |
MARC
| LEADER | 00000cam a2200000 7i4500 | ||
|---|---|---|---|
| 001 | 0000035018 | ||
| 002 | 000037858 | ||
| 005 | 20000331.0 | ||
| 020 | |a T000003927 | ||
| 090 | 0 | 0 | |a J 793.703 |b ENS |
| 245 | 0 | 0 | |a Haiwan kecil dan besar |
| 260 | |a Kuala Lumpur : |b Dewan Bahasa Dan Pustaka , |c 1986 | ||
| 300 | |a p.v : |b ill ; |c 27 cm. | ||
| 490 | 0 | |a Ensiklopedia tanya jawab | |
| 650 | 0 | 0 | |a Encyclopedias and dictionaries |x Juvenile literature |
| 999 | |a 0004023 |b BUKU |c PINJAMAN |e PERPUSTAKAAN KOMUNITI PETALING JAYA | ||